Debate fiscal y financiero (Registro nro. 132566)

Detalles MARC
000 -LEADER
fixed length control field 00787nam a22002177a 4500
005 - DATE AND TIME OF LATEST TRANSACTION
control field 20170426121719.0
008 - FIXED-LENGTH DATA ELEMENTS--GENERAL INFORMATION
fixed length control field 170426b mx ||||| |||| 00| 0 spa d
020 ## - INTERNATIONAL STANDARD BOOK NUMBER
International Standard Book Number 9786074012903
050 04 - LIBRARY OF CONGRESS CALL NUMBER
Classification number HJ803
Item number D43 2010
245 00 - TITLE STATEMENT
Title Debate fiscal y financiero
Remainder of title :agenda del cambio estructural
Statement of responsibility, etc /Alicia Girón; Eugenia Correa; Patricia Rodríguez López
250 ## - EDITION STATEMENT
Edition statement 1a ed.
260 ## - PUBLICATION, DISTRIBUTION, ETC. (IMPRINT)
Place of publication, distribution, etc México :
Name of publisher, distributor, etc Miguel Ángel Porrúa,
Date of publication, distribution, etc 2010
300 ## - PHYSICAL DESCRIPTION
Extent 516 p. :
Other physical details il.;
Dimensions 21 cm.
490 0# - SERIES STATEMENT
Series statement Las ciencias sociales
504 ## - BIBLIOGRAPHY, ETC. NOTE
Bibliography, etc Incluye bibliografias e índice
650 #7 - SUBJECT ADDED ENTRY--TOPICAL TERM
Source of heading or term lemb
Topical term or geographic name as entry element Finanzas públicas
General subdivision Policía fiscal
Geographic subdivision México
700 1# - ADDED ENTRY--PERSONAL NAME
Personal name Girón, Alicia,
Relator term coordinador
700 1# - ADDED ENTRY--PERSONAL NAME
Personal name Correa, Eugenia,
Relator term coordinador
700 1# - ADDED ENTRY--PERSONAL NAME
Personal name Rodríguez López, Patricia,
Relator term coordinador
942 ## - ADDED ENTRY ELEMENTS (KOHA)
Source of classification or shelving scheme Biblioteca del Cogreso de los Estados Unidos
Koha item type Libro
Existencias
Estado de pérdida Fuente de clasificación Estado del daño No para préstamo Ubicación permanente Ubicación actual Apartado o colección Fecha de adquisición Fuente de adquisición Edición Área del conocimiento Clasificación Código de Barras Date last seen Número de copia Tipo de recurso
  Biblioteca del Cogreso de los Estados Unidos     Biblioteca de la Unidad de Ciencias Ingeniería y Humanidades Biblioteca de la Unidad de Ciencias Ingeniería y Humanidades Colección "Miguel Ángel Porrúa" 26/04/2017 Donación 1a ed. Ciencias Sociales y Administrativas HJ803 D43 2010 BCU000018384 26/04/2017 C:1 Libro